Svítáníčka pro ženský sbor, sólový baryton, 3 zobcové flétny, violu a bicí nástroje na texty staročeské milostné poezie : partitura /

Hlavní autor: Málek, Jan, 1938-
Jazyk: Čeština
Vydáno: Praha : Panton, 1977
Vydání: 1. vyd.
Fyzický popis: 1 partitura (19 s.)
Hudebniny Hudebniny
Uloženo v:
LEADER 00783ncm a22002172a 4500
001 001205050
003 CZ BrMZK
005 20120410085126.0
007 qu
008 120410s1977 xr |||||||||||||||||cze d
040 |a BOA001  |b cze 
072 7 |a 784  |x Vokální hudba  |2 Konspekt  |9 9 
100 1 |a Málek, Jan,  |d 1938-  |7 jn20000620224  |4 cmp 
245 1 0 |a Svítáníčka  |h [hudebnina] :  |b pro ženský sbor, sólový baryton, 3 zobcové flétny, violu a bicí nástroje na texty staročeské milostné poezie : partitura /  |c Jan Málek 
250 |a 1. vyd. 
260 |a Praha :  |b Panton,  |c 1977 
300 |a 1 partitura (19 s.) 
910 |a BOA001  |b Mus4-0782.430 
990 |a MU 
991 |b 201204 
996 6 |b 2619080476  |c Mus4-0782.430  |l MZK  |r Sklad / do 1 hodiny  |n 0  |w 001238613  |u 000010  |a 1  |e BOA001  |j MZK50  |s P